Das Album
| Titel: | Das Album / Piotr Strzałkowski |
|---|---|
| Verfasser: | |
| Veröffentlicht: | Brzezia Łąka : Wydawnictwo Poligraf, [2013] |
| Umfang: | 637 Seiten : Illustrationen ; 24 cm |
| Format: | Buch |
| Sprache: | Polnisch |
| ISBN: | 9788378561491 ; 8378561496 |
| Hinweise zum Inhalt: |
Buch Bibliographie
Cover Register Abstract Inhaltsverzeichnis |
alg: 40484816 001A $06000:29-06-17 001B $01999:07-08-25 $t13:58:32.000 001D $03004:23-07-25 001U $0utf8 001X $00 002@ $0Aau 002C $aText $btxt $2rdacontent 002D $aohne Hilfsmittel zu benutzen $bn $2rdamedia 002E $aBand $bnc $2rdacarrier 003@ $0404848168 003O $0902598858 $aOCoLC 004A $A978-83-7856-149-1 $fBroschur 004A $083-7856-149-6 006C $0ocn867936079 $aOCoLC 006C $0867936079 $aOCoLC 006G $01103491040 006H $0TOCNEUA1726 $2DNB 006U $f20160614 007A $01103491040 $aDNB 007G $0 009P $qapplication/pdf $A2 $3Buch Bibliographie $uhttp://scans.hebis.de/HEBCGI/show.pl?40484816_bib.pdf $mV:DE-603;B:DE-Mb50 009P $qapplication/pdf $A2 $3Cover $uhttp://scans.hebis.de/HEBCGI/show.pl?40484816_cov.pdf $mV:DE-603;B:DE-Mb50 009P $qapplication/pdf $A2 $3Register $uhttp://scans.hebis.de/HEBCGI/show.pl?40484816_idx.pdf $mV:DE-603;B:DE-Mb50 009P $qapplication/pdf $A2 $3Abstract $uhttp://scans.hebis.de/HEBCGI/show.pl?40484816_sum.pdf $mV:DE-603;B:DE-Mb50 009P $qapplication/pdf $A2 $3Inhaltsverzeichnis $uhttp://scans.hebis.de/HEBCGI/show.pl?40484816_toc.pdf $mV:DE-603;B:DE-Mb50 010@ $apol 010E $erda 011@ $a2013 $n[2013] 013D $RBiograf $RLebenslauf $RBiografik $#Biographies $#Biography $#Biographies -- Histoire et critique $#Biographie $#Biographisches Nachschlagewerk $#Lebensbeschreibung $#Berühmte Persönlichkeit Biografie $#Biografisches Nachschlagewerk $74006804-3 $8Biografie [Ts1] $9085010375 013D $RQuelle $RBericht $RTagebuch $#Personal narratives $#Récits personnels $#Relatos personales $#Erfahrungsbericht $#Augenzeugenbericht Formschlagwort $#Eindrücke Formschlagwort $#Erlebnisgeschichte $#Reportage Formschlagwort $#Erfahrungsbericht $#Persönlicher Bericht $74133254-4 $8Erlebnisbericht [Ts1] $9085482919 013D $RFachliteratur $RBericht $RQuelle $RReiseliteratur $RErlebnisbericht $RTagebuch $RReisejournalismus $#Travelers' writings $#Récits de voyages $#Reisebericht $#Hodoeporicon $#Reisetagebuch $#Reisebeschreibung $#Reisebilder $#Reiseschilderung $#Reise Beschreibung $#Reisebriefe $#Reiseessay $#Reisereportage $#Reise Tagebuch Formschlagwort $#Reiseberichte $#Travel writing $74076645-7 $8Reisebericht [Ts1] $9085217158 017A $asf 021A $aDas @Album $hPiotr Strzałkowski 028A $BVerfasser $#Strzałkowski, Piotr Krzysztof $4aut $7171270967 $8Strzałkowski, Piotr$Z1950- [Tp3] $9295409851 033A $pBrzezia Łąka $nWydawnictwo Poligraf 034D $a637 Seiten 034I $a24 cm 034M $aIllustrationen 037A $aQuellen- und Literaturverzeichnis Seite: 609-[614] 044A $aEurope $S#0 $xDescription and travel $N651 044A $aPhotography $S#0 $xHistory $y20th century $zGermany $N650 044A $aFotografia niemiecka $2dbn $S#7 $xhistoria $y1933-1945 r $N655 044A $aReportaż polski $2dbn $S#7 $y21 w $N655 044A $aHistory $2fast $S#7 $N655 044K $71372207759 $8Hoehl, Hans$Z1895-1960 [Tp1] $953190038X 044K $RDeutsches Sprachgebiet $RDeutschland $RDeutschland $#Deutsche Länder $#Germany Deutschland $#Heiliges Römisches Reich $#Rheinbund $#Deutscher Bund $#Norddeutscher Bund $#Deutsches Reich $#Deutschland Gebiet unter Alliierter Besatzung $#Deutschland Bundesrepublik, 1990- $#BRD 1990- $#Federal Republic of Germany Deutschland $#Republic of Germany Deutschland $#Allemagne Deutschland $#Ǧumhūrīyat Almāniyā al-Ittiḥādīya $#Bundesrepublik Deutschland 1990- $#BRD $#Niemcy $#République Fédérale d'Allemagne Deutschland $#Repubblica Federale di Germania Deutschland $#Germanija $#Federativnaja Respublika Germanija $#FRG $#Deyizhi-Lianbang-Gongheguo $74011882-4 $8Deutschland [Tg1] $9085025550 044K $RSchlesien $RSchlesien $#Niederschlesien $#Dolny Śląsk $#Dolní Slezsko $74042237-9 $8Niederschlesien [Tg1] $9085116734 044K $RReinerz $#Duszniki-Zdrój $#Duezniki-Zdroj $#Reinerz Duszniki Zdrój $#Bad Reinerz Duszniki Zdrój $74103654-2 $8Duszniki Zdrój [Tg1] $9085303801 044K $#Podlasie $#Pidljaššja $#Palenkė $74046396-5 $8Podlachien [Tg1] $9085129615 044K $RDigitale Fotografie $RFototechnik $RFotografisches Verfahren $#Photography $#Photographie $#Photographs $#Photographies $#Photographie $#Aufnahme Photographie $#Aufnahme Fotografie $#Aufnahme Fotographie $#Aufnahme Photografie $#Foto $#Fotografieren $#Photographieren $#Fotographieren $#Photografieren $#Photo $#Photoaufnahme $#Fotoaufnahme $#Photokunst $#Fotokunst $#Fotographie $#Photografie $#Lichtbild Photographie $#Lichtbild Fotografie $#Lichtbild Fotographie $#Lichtbild Photografie $#Photographische Aufnahme $#Fotografische Aufnahme $#Fotographische Aufnahme $#Photografische Aufnahme $74045895-7 $8Fotografie [Tsz] $9085128422 044K $RWeltkrieg $RAufstand $#Warsaw (Poland) History Uprising, 1944 $#Varsovie (Pologne) 1944 (Insurrection) $#Varsovia Historia 1944 (Insurrección) $74189143-0 $8Warschauer Aufstand$g1944 [Ts1] $9085933171 044K $RWeltkrieg $#World War, 1939-1945 $#Guerre mondiale (1939-1945) $#Weltkrieg 1939-1945 $#2. Weltkrieg $#Weltkrieg 2 $#II. Weltkrieg $#Weltkrieg II $74079167-1 $8Zweiter Weltkrieg [Tsz] $9085224618 044K $RAuswirkung $RFortleben $#Influence (Literary, artistic, etc.) $#Influence littéraire, artistique, etc. $#Rezeption $#Fortwirken $#Nachwirkung Rezeption $#Nachleben $#Wirkungsgeschichte $#Aneignung Rezeption $74049716-1 $8Rezeption [Tsz] $9085138584 045F $a929.094309043 $eDDC23BSB 045F/01 $a929 045F/03 $f09043 045F/03 $g43 045F/03 $g4385 045G $a355.0094309043 $eDDC23BSB 045G/01 $a355.009 045G/03 $f09043 045G/03 $f09044 045G/03 $g43 045G/03 $g4385 045R $aGeschichte 1934-1938 045R/01 $aGeschichte 2005-2011 047I $aZapis poszukiwań przez P. Strzałkowskiego autora niemieckiego albumu ze zdjęciami z czasów II wojny światowej. M.in. znalezione relacje o wydarzeniach w Warszawie - egzekucji przez polskie podziemie Igo Syma w 1941 r. (s. 282-284), okupacji i walkach w Powstaniu Warszawskim, traktowaniu jeńców polskich i niemieckich (s. 339-341, 453-454) lok: 40484816 24 exp: 40484816 24 1 #EPN 201B/01 $023-07-25 $t13:12:09.000 201C/01 $023-07-25 201U/01 $0utf8 203@/01 $01314297473 208@/01 $a23-07-25 $bz 209A/01 $a25.03839 $du $f050 $h25 03839 $x00 209C/01 $a25.03839 G $h25 03839 G 209G/01 $a74961223 $x00 220C/01 $ajwa 247C/01 $8358050-7Marburg, Bibliothek des Herder-Instituts Marburg $9102600961
| LEADER | 00000cam a2200000 c 4500 | ||
|---|---|---|---|
| 001 | 404848168 | ||
| 003 | DE-603 | ||
| 005 | 20250807135832.0 | ||
| 007 | tu | ||
| 008 | 170629s2013 xx |||| | u00||u|pol | ||
| 016 | 7 | |2 DE-101 |a 1103491040 | |
| 020 | |a 9788378561491 |c Broschur | ||
| 020 | |a 8378561496 | ||
| 035 | |a (DE-599)DNB1103491040 | ||
| 035 | |a (OCoLC)902598858 | ||
| 040 | |a DE-603 |b ger |c DE-603 |d DE-603 |e rda | ||
| 041 | |a pol | ||
| 082 | 0 | 4 | |8 1\u |a 929.094309043 |q DE-101 |2 23/BSB |
| 083 | 0 | |8 2\u |a 355.0094309043 |q DE-101 |2 23/BSB | |
| 085 | |8 1\u |b 929 | ||
| 085 | |8 1\u |z 1 |s 09043 | ||
| 085 | |8 1\u |z 2 |s 43 | ||
| 085 | |8 1\u |z 2 |s 4385 | ||
| 085 | |8 2\u |b 355.009 | ||
| 085 | |8 2\u |z 1 |s 09043 | ||
| 085 | |8 2\u |z 1 |s 09044 | ||
| 085 | |8 2\u |z 2 |s 43 | ||
| 085 | |8 2\u |z 2 |s 4385 | ||
| 090 | |a b | ||
| 100 | 1 | |a Strzałkowski, Piotr |d 1950- |e Verfasser |4 aut |0 (DE-603)295409851 |0 (DE-588)171270967 |2 gnd | |
| 245 | 0 | 0 | |a Das Album |c Piotr Strzałkowski |
| 264 | 1 | |a Brzezia Łąka |b Wydawnictwo Poligraf |c [2013] | |
| 300 | |a 637 Seiten |b Illustrationen |c 24 cm | ||
| 336 | |a Text |b txt |2 rdacontent | ||
| 337 | |a ohne Hilfsmittel zu benutzen |b n |2 rdamedia | ||
| 338 | |a Band |b nc |2 rdacarrier | ||
| 500 | |a Quellen- und Literaturverzeichnis Seite: 609-[614] | ||
| 520 | |a Zapis poszukiwań przez P. Strzałkowskiego autora niemieckiego albumu ze zdjęciami z czasów II wojny światowej. M.in. znalezione relacje o wydarzeniach w Warszawie - egzekucji przez polskie podziemie Igo Syma w 1941 r. (s. 282-284), okupacji i walkach w Powstaniu Warszawskim, traktowaniu jeńców polskich i niemieckich (s. 339-341, 453-454) | ||
| 600 | 1 | 7 | |a Hoehl, Hans |d 1895-1960 |0 (DE-588)1372207759 |0 (DE-603)53190038X |2 gnd |
| 648 | 7 | |a Geschichte 1934-1938 |2 gnd | |
| 648 | 7 | |a Geschichte 2005-2011 |2 gnd | |
| 650 | 7 | |a Fotografie |0 (DE-588)4045895-7 |0 (DE-603)085128422 |2 gnd | |
| 650 | 7 | |a Warschauer Aufstand |g 1944 |0 (DE-588)4189143-0 |0 (DE-603)085933171 |2 gnd | |
| 650 | 7 | |a Zweiter Weltkrieg |0 (DE-588)4079167-1 |0 (DE-603)085224618 |2 gnd | |
| 650 | 7 | |a Rezeption |0 (DE-588)4049716-1 |0 (DE-603)085138584 |2 gnd | |
| 651 | 7 | |a Deutschland |0 (DE-588)4011882-4 |0 (DE-603)085025550 |2 gnd | |
| 651 | 7 | |a Niederschlesien |0 (DE-588)4042237-9 |0 (DE-603)085116734 |2 gnd | |
| 651 | 7 | |a Duszniki Zdrój |0 (DE-588)4103654-2 |0 (DE-603)085303801 |2 gnd | |
| 651 | 7 | |a Podlachien |0 (DE-588)4046396-5 |0 (DE-603)085129615 |2 gnd | |
| 655 | 7 | |a Biografie |2 gnd-content |0 (DE-588)4006804-3 |0 (DE-603)085010375 | |
| 655 | 7 | |a Erlebnisbericht |2 gnd-content |0 (DE-588)4133254-4 |0 (DE-603)085482919 | |
| 655 | 7 | |a Reisebericht |2 gnd-content |0 (DE-588)4076645-7 |0 (DE-603)085217158 | |
| 856 | 4 | 2 | |m V:DE-603;B:DE-Mb50 |q application/pdf |u http://scans.hebis.de/HEBCGI/show.pl?40484816_bib.pdf |3 Buch Bibliographie |
| 856 | 4 | 2 | |m V:DE-603;B:DE-Mb50 |q application/pdf |u http://scans.hebis.de/HEBCGI/show.pl?40484816_cov.pdf |3 Cover |
| 856 | 4 | 2 | |m V:DE-603;B:DE-Mb50 |q application/pdf |u http://scans.hebis.de/HEBCGI/show.pl?40484816_idx.pdf |3 Register |
| 856 | 4 | 2 | |m V:DE-603;B:DE-Mb50 |q application/pdf |u http://scans.hebis.de/HEBCGI/show.pl?40484816_sum.pdf |3 Abstract |
| 856 | 4 | 2 | |m V:DE-603;B:DE-Mb50 |q application/pdf |u http://scans.hebis.de/HEBCGI/show.pl?40484816_toc.pdf |3 Inhaltsverzeichnis |
| 924 | 0 | |9 Mb 50 |a (DE-603)1314297473 |b DE-Mb50 |c HES |d c |g 25.03839 | |


